Statistiche per Riconosci il personaggio storico n°2

Clicka qui per fare il quiz!

Statistiche generali

  • Questo quiz è stato fatto 1.127 volte
  • Il punteggio medio è 10 su 20

Statistiche sulle risposte

Risposta% Corretto
Mohandas Gandhi
93%
Elvis Presley
90%
Benito Mussolini
88%
Napoleone Bonaparte
87%
Iosif Stalin
86%
Martin Luther King
85%
Charlie Chaplin
83%
Ludwig van Beethoven
83%
Winston Churchill
72%
Giovanna d'Arco
66%
Marie Curie
59%
Charles de Gaulle
28%
Benjamin Franklin
24%
Kaiser Guglielmo II
12%
Lev Tolstoj
12%
Woodrow Wilson
12%
Ho Chi Minh
11%
Rembrandt
10%
Douglas MacArthur
9%
Mark Twain
8%

Distribuzione punteggi

Percentile per numero di risposta

Percentuale di utenti per punteggio

I tuoi punteggi nel tempo

Non hai fatto questo quiz